Hướng dẫn điều trị bệnh ghép ở gà
Tất cả những kiến thức về bệnh gà, các bệnh cùng xảy ra một lần trong đàn gà ( bệnh ghép )... đều được trình bày theo kiểu Hỏi - Đáp ( gồm 60 câu hỏi đáp), rõ ràng, dễ hiểu. Sách cần thiết cho các cán bộ khuyến nông và những nhà chăn...
Gardado en:
| Autor Principal: | |
|---|---|
| Formato: | Libro |
| Idioma: | Undetermined |
| Publicado: |
Hà Nội
Nông nghiệp
1999
|
| Những chủ đề: | |
| Các nhãn: |
Engadir etiqueta
Sen Etiquetas, Sexa o primeiro en etiquetar este rexistro!
|
| Thư viện lưu trữ: | Trung tâm Học liệu Trường Đại học Cần Thơ |
|---|
| LEADER | 00894nam a2200181Ia 4500 | ||
|---|---|---|---|
| 001 | CTU_37038 | ||
| 008 | 210402s9999 xx 000 0 und d | ||
| 082 | |a 636.5089 | ||
| 082 | |b N114 | ||
| 100 | |a Lê Văn Năm | ||
| 245 | 0 | |a Hướng dẫn điều trị bệnh ghép ở gà | |
| 245 | 0 | |c Lê Văn Năm | |
| 260 | |a Hà Nội | ||
| 260 | |b Nông nghiệp | ||
| 260 | |c 1999 | ||
| 520 | |a Tất cả những kiến thức về bệnh gà, các bệnh cùng xảy ra một lần trong đàn gà ( bệnh ghép )... đều được trình bày theo kiểu Hỏi - Đáp ( gồm 60 câu hỏi đáp), rõ ràng, dễ hiểu. Sách cần thiết cho các cán bộ khuyến nông và những nhà chăn nuôi gà. | ||
| 650 | |a poultry diseases | ||
| 980 | |a Trung tâm Học liệu Trường Đại học Cần Thơ | ||